000
00223nam a22000857a 4500
008
160915b xxu||||| |||| 00| 0 eng d
100
_9
491
_a
Scott.P
245
_a
Mental Arithmetic-5
260
_a
New Delhi
_b
Frank publications
_c
2010
999
_c
3148
_d
3148